000 00890nam a2200265 i 4500
001 180314
003 ES-MaACL
005 20240529101716.0
008 120528s1994 sp | |||| ||spa d
020 _a84-7506-410-8
080 _a821.134.2-14"16"
080 _a821.134.2-31"16"
100 1 _aMolina, Tirso de,
_d1579-1648
_9226522
245 1 0 _aCigarrales de Toledo /
_cTirso de Molina ; [edición y prólogo de Pilar Palomo e Isabel Prieto].
260 _aMadrid :
_bTurner,
_c[1994]
300 _aXXVI, 673 p. ;
_c23 cm.
490 1 _aBiblioteca Castro
490 1 _aObras completas de Tirso de Molina ;
_v1
700 1 _aPalomo, María del Pilar,
_d1933-
_9144616
700 1 _aPrieto, Isabel.
_9150141
830 0 _aBiblioteca Castro
_9178957
830 0 _aObras completas de Tirso de Molina ;
_v1
_9191247
852 _aES-MaACL
_jL-29896
999 _c180314
_d180314